Musical comedy in America /

Bibliographic Details
Main Author: Smith, Cecil Michener, 1906-1956
Format: Book
Language:English
Published: New York : Theatre Arts Books, [1950]
Subjects:

MARC

Tag First Indicator Second Indicator Subfields
LEADER 00000cam a2200000 4500
001 in00000029826
005 20151007062942.0
008 710119s1950 nyuac 00100 eng
010 |a  50058209  
035 |a (OCoLC)00599748 
035 |9 AAD6183AM 
040 |a DLC  |c DLC  |d TXA  |d UtOrBLW 
043 |a n-us--- 
049 |a TXAM  |c [187485] 
050 0 0 |a ML200  |b .S6 
082 0 |a 782.8 
090 |a ML200  |b .S6 1950 
092 |a 782.8  |b S644m 
100 1 |a Smith, Cecil Michener,  |d 1906-1956. 
245 1 0 |a Musical comedy in America /  |c by Cecil Smith. 
264 1 |a New York :  |b Theatre Arts Books,  |c [1950] 
264 4 |c ©1950 
300 |a x, 374 pages :  |b illustrations, portraits ;  |c 22 cm. 
336 |a text  |b txt  |2 rdacontent 
337 |a unmediated  |b n  |2 rdamedia 
338 |a volume  |b nc  |2 rdacarrier 
650 0 |a Music  |z United States  |x History and criticism. 
650 0 |a Musicals  |x History and criticism. 
650 0 |a Revues  |x History and criticism. 
999 |a MARS 
999 f f |s 4ce157fc-02dd-37b4-b499-375162436188  |i 6ca3e93a-5738-3fdd-8d7b-c9497dee8bef  |t 0 
952 f f |p storage  |a Texas A&M University  |b J.J. Pickle Campus  |c High Density Repository  |s HDR  |d Remote Storage  |t 0  |e ML200 .S6 1950  |h Library of Congress classification  |i unmediated -- volume  |m A14828528825 
952 f f |p ric  |a Texas A&M University  |b Rellis Campus  |c Joint Library Facility  |s JLF  |d Remote Storage  |t 0  |e ML200 .S6 1950  |h Library of Congress classification  |i unmediated -- volume  |m A14821255382 
998 f f |a ML200 .S6 1950  |t 0  |l Remote Storage 
998 f f |a ML200 .S6 1950  |t 0  |l Remote Storage